Linguistics and style John Spencer; Essay in applied linguistics; Approach to the study of style (Record no. 179606)

MARC details
000 -LEADER
fixed length control field 00751nam a2200217Ia 4500
003 - CONTROL NUMBER IDENTIFIER
control field OSt
005 - DATE AND TIME OF LATEST TRANSACTION
control field 20251128145619.0
008 - FIXED-LENGTH DATA ELEMENTS--GENERAL INFORMATION
fixed length control field 220917b |||||||| |||| 00| 0 eng d
037 ## - SOURCE OF ACQUISITION
Terms of availability TB
040 ## - CATALOGING SOURCE
Original cataloging agency ARTS
Transcribing agency ARTS
Language of cataloging eng
041 ## - LANGUAGE CODE
Source of code eng
Language code of text/sound track or separate title eng
084 ## - COLON CLASSIFICATION NUMBER
Classification number P:7 K4
Assigning agency AL
100 ## - MAIN ENTRY--PERSONAL NAME
Personal name Spencer, John Ed.
9 (RLIN) 30965
245 #0 - TITLE STATEMENT
Title Linguistics and style John Spencer; Essay in applied linguistics; Approach to the study of style
260 ## - PUBLICATION, DISTRIBUTION, ETC.
Place of publication, distribution, etc. London, UK:
Name of publisher, distributor, etc. Oxford University Press;
Date of publication, distribution, etc. 1964.
490 ## - SERIES STATEMENT
Series statement Language and language learning ed by Ronald Mackin and Peter Strevens
650 ## - SUBJECT ADDED ENTRY--TOPICAL TERM
Topical term or geographic name entry element LINGUISTICS
9 (RLIN) 853545
700 ## - ADDED ENTRY--PERSONAL NAME
Personal name Gregory, Michael Ed.
9 (RLIN) 68143
942 ## - ADDED ENTRY ELEMENTS (KOHA)
Classification part P:7 K418 (PD)-;1
Koha item type Textbook
Source of classification or shelving scheme Colon Classification (CC)
Suppress in OPAC No
Holdings
Withdrawn status Lost status Source of classification or shelving scheme Damaged status Not for loan Home library Current library Date acquired Total Checkouts Full call number Barcode Date last seen Price effective from Koha item type
    Colon Classification (CC)     Arts Library Arts Library 2022-09-18   P:7 K418 (PD)-;1 AL0483574 2022-09-18 2022-09-18 Textbook
Copyright @ Delhi University Library System